LEADER 00847nam a2200253 i 4500 001 991004378036407536 005 20250424232500.0 008 250424s1993 it er 001 0 ita d 020 $a8877102772 040 $aBibl. Dip.le Aggr. Studi Umanistici - Sez. Filosofia$bita$cSocioculturale Scs 041 1 $aita$heng 082 04$a179$223 100 1 $aDonne, John$0165770 245 10$aBiathanatos /$cJohn Donne ; traduzione di Daniela Panicari ; con uno scritto di Ernest W. Sullivan ; a cura di Laura Gentili 260 $aMilano :$bSE,$c1993 300 $a168 p. ;$c23 cm 490 1 $aL'altra biblioteca ;$v71 650 4$aSuicidio$yOpere del 17. sec. 700 1 $aSullivan, Ernest W. 700 1 $aGentili, Laura 830 2$aL'altra biblioteca ;$v71 912 $a991004378036407536 996 $aBiathanatos$94374082 997 $aUNISALENTO LEADER 01161nam0 22003011i 450 001 UON00404313 005 20231205104711.10 100 $a20120201d1990 |0itac50 ba 101 $arum 102 $aRO 105 $a|||| 1|||| 200 1 $aEU$fEugen Ionescu$gEditie ingrijita de Mariana Vartic$gCu un prolog la Englezeste fara profesor de Gelu Ionescu si un epilog de Ion Vartic 210 $aCluj$cEditura Echinox$d1990 215 $a238 p.$d20 cm. 620 $dCluj$3UONL002646 676 $a859$cLetteratura romena e letterature ladine$v21 700 1$aIONESCO$bEugène$3UONV128489$0384844 702 1$aIONESCU$bGelu$3UONV164539 702 1$aVartic$bIon$3UONV207253 702 1$aVARTIC$bMariana$3UONV207252 712 $aEditura Echinox$3UONV279108$4650 790 1$aIONESCU, Eugen$zIONESCO, Eugène$3UONV189117 801 $aIT$bSOL$c20250523$gRICA 899 $aSIBA - SISTEMA BIBLIOTECARIO DI ATENEO$2UONSI 912 $aUON00404313 950 $aSIBA - SISTEMA BIBLIOTECARIO DI ATENEO$dSI ONCIULESCU A 1775 $eSI 603 5 1775 996 $aEU$91343931 997 $aUNIOR